TB OF PHARMACOLOGY FOR NUR AND ALLED HESLTH (Record no. 7232)

MARC details
000 -LEADER
fixed length control field 00325nam a2200133Ia 4500
008 - FIXED-LENGTH DATA ELEMENTS--GENERAL INFORMATION
fixed length control field 150301s2015 xx 000 0 und d
082 ## - DEWEY DECIMAL CLASSIFICATION NUMBER
Classification number 615
Item number P14K
100 ## - MAIN ENTRY--PERSONAL NAME
Personal name KAMALA KANNAN P.
245 ## - TITLE STATEMENT
Title TB OF PHARMACOLOGY FOR NUR AND ALLED HESLTH
260 ## - PUBLICATION, DISTRIBUTION, ETC. (IMPRINT)
Name of publisher, distributor, etc. CBS- DELHI
300 ## - PHYSICAL DESCRIPTION
Extent 283
650 ## - SUBJECT ADDED ENTRY--TOPICAL TERM
Topical term or geographic name as entry element PHARMACOLOGY
942 ## - ADDED ENTRY ELEMENTS (KOHA)
Source of classification or shelving scheme Dewey Decimal Classification
Koha item type Books
Holdings
Withdrawn status Lost status Source of classification or shelving scheme Damaged status Not for loan Collection code Home library Current library Shelving location Date acquired Source of acquisition Cost, normal purchase price SGTU Bill Number Total Checkouts Full call number Barcode Date last seen Date last checked out Bill Date Koha item type
    Dewey Decimal Classification     PHARMACY SGT FA-FP Library SGT FA-FP Library Reference Book 02/07/2015 ABC DELHI 395.00 SGTU 5118 5 615 P14K FP733 04/09/2019 29/08/2019 12/02/2014 Books